Membres de la chaîne Trash - Statistiques

Statistiques générales
  • Ce quiz a été pris 4 fois
  • Le résultat moyen est 5 sur 24
Statistiques - réponses
Membres de Trash % Correct
Fildrong
75%
Léo
75%
Neoxys
75%
Ascuns
50%
Mathart
50%
Alkor
25%
Bronol
25%
Chauve Burlesque
25%
Iconoclaste
25%
Laupok
25%
Numiss
25%
Sareo
25%
ArthurDB
0%
Azpaz TV
0%
Bouwah
0%
Clidéon
0%
EagleStates
0%
Gecko
0%
Goa
0%
Kelyan TGR
0%
Loann LV
0%
Loonz
0%
Quantum
0%
Trekim
0%
Aucun quiz correspondant
Distribution des résultats
% des personnes avec chaque résultat
Percentile par nombre de réponses
Votre historique - résultats
Vous n’avez pas pris ce quiz